Singing.
A teacher presents an illuminating trick of the trade.
| Corporate Author: | |
|---|---|
| Format: | Video |
| Language: | English |
| Language Notes: | This edition in English. |
| Published: |
[London] :
Teachers TV/UK Dept. of Education,
2004.
|
| Series: | VAST: Academic Video Online
Teachers' trade secrets; what's new ; 3 |
| Subjects: | |
| Online Access: | Connect to this streaming video (Alexander Street Press) |
MARC
| Tag | First Indicator | Second Indicator | Subfields |
|---|---|---|---|
| LEADER | 00000cgm a2200000Ma 4500 | ||
| 001 | in00005534607 | ||
| 006 | m o c | ||
| 007 | vz |zazu| | ||
| 008 | 120229s2004 enk001 o vleng d | ||
| 005 | 20241201225417.6 | ||
| 035 | |a (OCoLC)ocn829686482 | ||
| 040 | |a ALSTP |b eng |e pn |c ALSTP |d OCLCO |d OCLCQ |d OCLCF |d OCLCQ |d OCLCO |d VZF |d OCL |d OCLCQ |d OCLCO |d OCLCA |d OCLCQ |d EZ9 |d MNI |d INT |d OCLCQ |d WYU |d OCLCQ |d OCLCO |d OCL |d OCLCO |d OCLCL | ||
| 019 | |a 1112305134 |a 1269045331 |a 1443972846 | ||
| 035 | |a (OCoLC)829686482 |z (OCoLC)1112305134 |z (OCoLC)1269045331 |z (OCoLC)1443972846 | ||
| 043 | |a e-uk--- | ||
| 050 | 4 | |a PN1200eb | |
| 049 | |a TXAM | ||
| 245 | 0 | 0 | |a Singing. |
| 260 | |a [London] : |b Teachers TV/UK Dept. of Education, |c 2004. | ||
| 300 | |a 1 online resource (1 min.). | ||
| 336 | |a two-dimensional moving image |b tdi |2 rdacontent | ||
| 337 | |a computer |b c |2 rdamedia | ||
| 338 | |a online resource |b cr |2 rdacarrier | ||
| 347 | |a video file |2 rda | ||
| 490 | 0 | |a VAST: Academic Video Online | |
| 490 | 0 | |a Teachers' trade secrets; what's new ; |v 3 | |
| 500 | |a Title from resource description page (viewed Mar. 5, 2012). | ||
| 520 | |a A teacher presents an illuminating trick of the trade. | ||
| 546 | |a This edition in English. | ||
| 650 | 0 | |a Teaching |x Methods. | |
| 650 | 0 | |a Music in education |z Great Britain. | |
| 650 | 0 | |a Singing. | |
| 650 | 0 | |a Chants. | |
| 650 | 6 | |a Musique en éducation |z Grande-Bretagne. | |
| 650 | 6 | |a Chant. | |
| 650 | 7 | |a Chants |2 fast | |
| 650 | 7 | |a Music in education |2 fast | |
| 650 | 7 | |a Singing |2 fast | |
| 650 | 7 | |a Teaching |2 fast | |
| 651 | 7 | |a Great Britain |2 fast |1 https://id.oclc.org/worldcat/entity/E39PBJdmp7p3cx8hpmJ8HvmTpP | |
| 655 | 4 | |a Alexander Street Video. | |
| 655 | 7 | |a Instructional television programs |2 fast | |
| 655 | 7 | |a Methods (Music) |2 fast | |
| 655 | 7 | |a Instructional television programs. |2 lcgft | |
| 655 | 7 | |a Émissions pédagogiques télévisées. |2 rvmgf | |
| 710 | 2 | |a Maverick Television (Television network) |4 pro | |
| 776 | 0 | 8 | |i Print version: |t Singing. |d [London] : Teachers TV/UK Dept. of Education, 2004 publisher catalog number |o 072040003S |
| 856 | 4 | 0 | |u http://proxy.library.tamu.edu/login?url=https://www.aspresolver.com/aspresolver.asp?AVN2;1780998 |z Connect to this streaming video (Alexander Street Press) |t 0 |
| 955 | |a Alexander Street Press subscription streaming video | ||
| 994 | |a 92 |b TXA | ||
| 999 | f | f | |s c0dd2905-301a-4a9f-b721-8f8d946cd7a3 |i a11339f4-7c9e-418f-b41f-274c598bd0ee |t 0 |
| 952 | f | f | |a Texas A&M University |b College Station |c Electronic Resources |d Available Online |t 0 |e PN1200eb |h Library of Congress classification |
| 998 | f | f | |a PN1200eb |t 0 |l Available Online |